UM Logo

The new peace linguistics and the role of language in conflict / (Record no. 18767)

MARC details
000 -LEADER
fixed length control field 00640nam a22001817a 4500
005 - DATE AND TIME OF LATEST TRANSACTION
control field 20250122112418.0
008 - FIXED-LENGTH DATA ELEMENTS--GENERAL INFORMATION
fixed length control field 240125b ||||| |||| 00| 0 eng d
020 ## - INTERNATIONAL STANDARD BOOK NUMBER
International Standard Book Number 9781648027307
082 ## - DEWEY DECIMAL CLASSIFICATION NUMBER
Classification number DC 306.44 C941 2022
100 ## - MAIN ENTRY--PERSONAL NAME
Personal name Curtis, Andy.
9 (RLIN) 50827
245 ## - TITLE STATEMENT
Title The new peace linguistics and the role of language in conflict /
Statement of responsibility, etc. Andy Curtis.
260 ## - PUBLICATION, DISTRIBUTION, ETC. (IMPRINT)
Place of publication, distribution, etc. Charlotte, NC :
Name of publisher, distributor, etc. Information Age Publishing, Inc.,
Date of publication, distribution, etc. ©2022.
300 ## - PHYSICAL DESCRIPTION
Extent xvi, 281 pages :
Other physical details illustrations ;
Dimensions 24 cm.
500 ## - GENERAL NOTE
General note Includes references.
650 ## - SUBJECT ADDED ENTRY--TOPICAL TERM
Topical term or geographic name as entry element Language and peace.
9 (RLIN) 51755
650 ## - SUBJECT ADDED ENTRY--TOPICAL TERM
Topical term or geographic name as entry element Language and languages
General subdivision Political aspects.
9 (RLIN) 51756
942 ## - ADDED ENTRY ELEMENTS (KOHA)
Source of classification or shelving scheme Dewey Decimal Classification
Koha item type Circulation
Holdings
Withdrawn status Lost status Source of classification or shelving scheme Damaged status Not for loan Collection code Home library Current library Date acquired Source of acquisition Cost, normal purchase price Total Checkouts Full call number Barcode Date last seen Price effective from Koha item type
    Dewey Decimal Classification     Circulation UM Digos College - LIC UM Digos College - LIC 08/08/2023 Purchased 5195.00   DC 306.44 C941 2022 27548 05/15/2025 01/25/2024 Circulation